000 00774nam a2200253Ia 4500
003 OSt
005 20220923212406.0
006 a|||||r|||| 00| 0
007 ta
008 220922b |||||||| |||| 00| 0 hin d
024 _a152,593
037 _cTextual
040 _aARTS
_cARTS
_bhin
041 _2hin
_ahin
082 _aNT44, 152K7;M3
100 _aजैन, नेमिचन्द्र
245 0 _aरंग दर्शन
246 _aRanga darshana
260 _aदिल्ली
_b राधाकृष्ण प्रकाशन
_c1983
300 _a215पृ.
_ccm.
650 _aललित कला
_9156314
942 _hNT44, 152K7;M3
_cTEXL
_2CC
999 _c308242
_d308242